| 000 | 01280nam a2200337 c 4500 | ||
|---|---|---|---|
| 003 | BLK | ||
| 005 | 20240302114029.0 | ||
| 008 | 180412b bul|||||r ||||||| ||bul|| | ||
| 010 | _aKNG00009505000 | ||
| 020 |
_a954-416-085-Х _bиздат.: Век 22 |
||
| 040 | _aBLK | ||
| 041 |
_aBUL _cBUL |
||
| 080 |
_aИстория на Византия и Гърция _b94(495) _x _z94(495) |
||
| 100 | 1 |
_aБакалов, Георги Петров _eпърви автор _9253283 |
|
| 139 |
_aБакалов, Георги Петров _bБ 16 |
||
| 245 | 1 | 0 |
_aВизантия _bКулт.-полит. очерци _cГеорги Петров Бакалов. |
| 257 | _aBGR | ||
| 260 |
_аСофия _bВек 22 _c1995 _fВарна : Бряг принт |
||
| 300 |
_a454 с. _bс ил. _c24 см |
||
| 380 | _a9 | ||
| 500 | _a4 000 тир. ; 2 000 екз. от тир. подв. Кн. е изд. с конкурс на Нац. център за книгата | ||
| 650 | 4 |
_aВизантия - история _9247368 |
|
| 653 | _aВизантия | ||
| 653 | _aистория | ||
| 852 | _aЦб 184623 | ||
| 856 | 4 |
_qpdf _u |
|
| 856 | 4 |
_qpdf _u |
|
| 942 |
_cKNG _n0 _02 |
||
| 944 |
_aCR _c15.01.2003 _k30560 _lГеновева Генчева |
||
| 944 |
_aED _c02.02.2004 _k |
||
| 999 |
_c8168 _d8168 |
||